000 00611nam a2200205Ia 4500
003 IN-BaIIA
008 211028s9999 xx 000 0 eng d
020 _a978-0-230-34060-2
040 _cIIA Library
080 _a[8]:01:00
_bFER
100 _aFerguson, Kitty
_921648
245 0 _aStephen Hawking
_ban unfettered mind
_cKitty Ferguson
260 _aNew York
_bPalgrave Macmillan
_c2012
300 _aix, 310p.
650 _aBiogrpahy-Stephen Hawking
_934881
650 _aCosmologist-Biography
_934882
650 _aPhysicist-Biography
_929127
650 _aStephen Hawking-Biography
_934883
942 _cBK
999 _c18225
_d18225